Komentujeme futbalovú nedeľu víťazstvo potešilo divákov

Bibliographic Details
Main Authors: (M.M.) (Author), (P.F.) (Author)
Corporate Authors: Futbalový klub (Stará Ľubovňa, Slovensko) (Author), JUNOŠPORT (Stará Ľubovňa, Slovensko) (Author)
Format: Article
Language:Slovak
Subjects:

MARC

LEADER 00000nab a2200000 a 4500
001 vtls001030979
003 SK-MaSNL
005 20260303035740.0
008 040720e20020808xo 0 slo
035 |a SL9533 
040 |a SLLK  |b slo  |c SLLK  |e AACR2 
041 0 |a slo 
044 |a xo  |c SK 
080 |a 796.332  |2 1981 
100 0 |a (M.M.)  |4 aut  |9 848629 
245 1 0 |a Komentujeme futbalovú nedeľu  |b víťazstvo potešilo divákov 
246 3 1 |a Stará Ľubovňa - Lokomotíva Košice 3:0 (1:0) 
610 2 7 |a Futbalový klub Stará Ľubovňa   |2 SLLK  |9 1022619 
610 2 7 |a Junošport Stará Ľubovňa (Stará Ľubovňa, Slovensko)  |2 SLLK  |9 155674 
650 0 7 |a futbal  |2 SLLK  |9 3291 
650 0 7 |a muži  |2 SLLK  |9 4888 
650 0 7 |a dorast mladší  |2 SLLK  |9 1022411 
650 0 7 |a dorast starší  |2 SLLK  |9 1022410 
650 0 7 |a zápasy ligové  |2 SLLK  |9 1022925 
651 7 |a SL,  |2 SLLK  |9 1022390 
655 7 |a periodikum  |2 snkbucl  |9 29553 
700 0 0 |a (P.F.)  |4 aut  |9 1022413 
710 2 |a Futbalový klub (Stará Ľubovňa, Slovensko)  |4 aut  |9 1022620 
710 2 |a JUNOŠPORT (Stará Ľubovňa, Slovensko)  |4 aut  |9 1022492 
773 0 8 |t Ľubovnianske noviny  |g Roč. 28, č.32, 8.8.2002, s. 4 
852 |a ZVYKNI  |b KIS3GCP 
999 |c 1678749  |d 1680679